1~3歲發展與教養對策 (Record no. 7096)

MARC details
000 -記錄標示(系統產生)
fixed length control field 01063cam2a2200325 4500
020 ## - ISBN
ISBN 9789861613286
價格 220
100 ## - 主要款目
第一作者姓名 柯志恩
245 ## - 書籍基本資料
書名 1~3歲發展與教養對策
副標題 (12-36個月)
作者名稱 柯志恩
260 1# - 書籍出版資料
出版地 臺北市
出版者 信誼基金出版社
出版年 2012
300 ## - 外觀規格(長、寬、高)
數量(面數, 冊數或其他) 書背題名 : 1-3歲發展與教養對策(12-36個月)
942 ## - 其他項目(KOHA)
分類法來源 中文圖書分類法
館藏類型設定 一般圖書
Holdings
撤銷狀態 遺失狀態 分類號來源 損壞狀態 不外借 永久館藏地 現在館藏地 書架位置 採購日期 所有借閱數 Total Renewals 完整索書號 條碼號 最後一次日期記錄 最後借出日期 一般價格有效日期 Koha館藏類型 公開資訊
未註銷館藏 未遺失 中文圖書分類法 未損毀 可外借 怡仁綜合醫院圖書館 怡仁綜合醫院圖書館   2020-03-19 3 2 173.107 C02698 2022-08-01 2022-07-11 2020-03-19 一般圖書 愛他,就從陪伴他開始 ~ 從孩子的發展角度出發,由專家們給你實用的建議; 掌握孩子的成長脈動,提供最有效的教養策略!由於作者群多兼具專業與實務經驗,寫來淺顯易懂,毫無一般談兒童發展理論書籍的艱澀生硬,因此父母們在輕鬆閱讀中,不僅可以掌握孩子的成長脈動,更能從中得到最適時有效的教養建議;也希望父母能從中瞭解到,孩子有些問題其實不是問題,所需要的只是大人的支持瞭解與耐心陪他度過此一階段而已;而也唯有在瞭解孩子發展的前提下,才能有最合宜的教養解決策略,而不只是困坐愁城,或一味認為孩子調皮,難管教。
怡仁醫院| 地址:32643桃園市楊梅區楊新北路321巷30號 | 服務專線:03-4855566 | 電子郵件信箱:
Copyright © 1996 CHC Hospital